000 00588nam a22002057a 4500
003 OSt
005 20140310181924.0
008 130719t xxu||||| |||| 00| 0 eng d
050 _aSF 473
_b.N864 1953
082 _aTR 636.6
_bN82 19
100 _aNorth, Milton
_92233
245 _aEverything about parakeets /
_cMilton R. North.
260 _aNew York :
_bHartz Mountain Products.
_cc199_
300 _a36 p. ;
_bill. col. ;
_c23 cm.
541 _j1
562 _e1
650 _aParakeets
_xcare training.
_92234
700 _aNorth, Milton
_92235
942 _2lcc
_cBK-TR
_kTR
999 _c7135
_d7135